[Event "Portoroz op"]
[Site "Portoroz"]
[Date "1996.??.??"]
[Round "?"]
[White "Beliavsky, Alexander G"]
[Black "Bezold, Michael"]
[Result "1-0"]
[WhiteElo "2615"]
[BlackElo "2485"]
[Annotator "Beliavsky,A"]
[PlyCount "32"]
[EventDate "1996.03.??"]
[EventType "swiss"]
[EventRounds "9"]
[EventCountry "SLO"]
[SourceTitle "CBM 051 Extra"]
[Source "ChessBase"]
[SourceDate "1996.05.01"]
[SourceVersion "1"]
[SourceVersionDate "1996.05.01"]
[SourceQuality "1"]

1. d4 d6 2. e4 Nf6 3. Nc3 c6 4. f4 Qa5 5. e5 (5. Bd3 e5) 5... Ne4 6. Qf3 Nxc3
7. Bd2 Qd5 8. Qxc3 Bf5 $6 (8... c5 $5 9. dxc5 dxe5 10. O-O-O Qxa2 11. b4 $13) (
8... dxe5 9. dxe5 Bf5 10. Nf3 e6 11. Bc4 Qe4+ 12. Kd1 Bg4 13. Re1 Bxf3+ 14.
gxf3 Qg6 15. Qb3 b6 16. Bd3 Qh5 17. f5 Qxf3+ 18. Kc1 Nd7 19. Be4 $1 Qxb3 20.
axb3 $36) 9. Nf3 dxe5 (9... Qe4+ 10. Kd1 Bg4 11. Bd3 Bxf3+ 12. Kc1 Qd5 13. gxf3
Qxf3 14. Rf1 Qh5 15. Qb3 b6 16. d5 $16) 10. Bc4 $1 Qd8 (10... Qe4+ 11. Kd1 Bg4
12. Qb3 e6 13. Qxb7 (13. Kc1 Bxf3 14. gxf3 Qxd4 15. Rd1 b5 16. Bxe6 fxe6 17.
Qxe6+ Be7 18. Ba5 Qxf4+ 19. Kb1 Kf8 20. Rd8+) 13... Bxf3+ 14. Kc1 Qxd4 (14...
Bxg2 15. Qc8+ Ke7 16. Bb4+ Kf6 17. Qd8+ Kf5 18. Qg5#) 15. gxf3 Qxc4 16. Qc8+
Ke7 17. fxe5 f6 18. Qb7+ Nd7 19. Qxa8) 11. Qb3 e6 12. Qxb7 Be7 $2 (12... Nd7
13. Nxe5 (13. Qxc6 Rc8 14. Qa4 Bd6 15. Bb5 (15. fxe5 O-O 16. exd6 Nb6 17. Qxa7
Nxc4) 15... Bxc2 16. Qa6 e4 17. Ba5 (17. Qxd6 exf3 18. O-O fxg2 19. Rfe1 Qe7
20. Qxe7+ Kxe7 21. Bb4+ Kd8 22. d5 $36) 17... Bb4+ (17... Bc7 18. Ne5 $16) 18.
Bxb4 exf3 19. O-O fxg2 20. Rfe1 Bf5 21. Ba5 Rc7 22. Qd6 $18) 13... Nxe5 14.
dxe5 Be4 15. O-O-O Rb8 16. Qxa7 Ra8 17. Qe3 Bd5 18. Bb3 Bxb3 19. Qxb3 $16) 13.
Qxa8 Qb6 14. O-O-O O-O 15. Nxe5 Bd6 16. Rhe1 $1 Bxe5 (16... Bxe5 17. dxe5 Nd7
18. Be3 Nc5 19. Bxc5 Qxc5 20. Rd8 $18) 1-0

[Event "Olympiad-29"]
[Site "Novi Sad"]
[Date "1990.11.27"]
[Round "10"]
[White "Chandler, Murray G"]
[Black "Wahls, Matthias"]
[Result "1-0"]
[WhiteElo "2560"]
[BlackElo "2525"]
[Annotator "Bellin,R"]
[PlyCount "41"]
[EventDate "1990.11.17"]
[EventType "team-swiss"]
[EventRounds "14"]
[EventCountry "YUG"]
[SourceTitle "TD"]
[Source "ChessBase"]
[SourceDate "1994.03.01"]
[SourceVersion "1"]
[SourceVersionDate "1994.03.01"]
[SourceQuality "1"]
[WhiteTeam "England"]
[BlackTeam "Germany"]
[WhiteTeamCountry "ENG"]
[BlackTeamCountry "GER"]

1. e4 d6 2. d4 Nf6 3. Nc3 e5 4. f3 $5 (4. dxe5 dxe5 5. Qxd8+ Kxd8 6. Nf3 Bd6 7.
Bc4 Be6 8. Bxe6 fxe6 9. Be3 $14) (4. Nf3) 4... Be7 (4... exd4 5. Qxd4 Bd7 (5...
Nc6 6. Bb5 Bd7 7. Bxc6 Bxc6 8. Bg5 Be7 9. O-O-O) 6. Be3 Nc6 7. Qd2 g6 (7... Be7
) 8. O-O-O Bg7 9. g4 $1 $16) (4... Nc6 $5) 5. Be3 O-O (5... Nbd7 $5 6. Qd2 $140
c6 7. Nge2 Nb6 $13) 6. Qd2 c6 7. Nge2 b5 (7... exd4 $5 {P d5>=}) 8. a3 Nbd7 9.
g4 $1 Nb6 10. Ng3 exd4 (10... Nc4 11. Bxc4 bxc4 12. dxe5 $16) 11. Bxd4 d5 (
11... Nc4 12. Bxc4 bxc4 13. O-O-O $5 (13. e5 $6 dxe5 14. Bxe5 Qxd2+ 15. Kxd2
Rd8+ $132) 13... c5 $6 14. Bxf6 Bxf6 15. Qxd6 Qa5 16. Nd5 $16) 12. O-O-O dxe4
$6 (12... Nc4 13. Bxc4 bxc4 14. exd5 cxd5 15. Bxf6 (15. g5 $5 Ne8 16. Be3 $16 {
<->d5}) 15... Bxf6 16. Nxd5 $16) (12... b4 13. axb4 Bxb4 14. Qf4 $16) (12...
Be6 $142) 13. Ncxe4 Nxe4 14. Nxe4 Be6 $6 (14... Nd5 $142) 15. Qf4 $1 $16 {P e5}
Qb8 $2 (15... Nd5 16. Qe5 Bf6 17. Nxf6+ Qxf6 18. Qxf6 Nxf6 19. Bxf6 gxf6 20.
Rd6 $1 $16) (15... Nd7 $142 $1 $14) 16. Be5 Qb7 17. g5 $1 {<->f6} Rfd8 (17...
Nd7 18. Nf6+ Kh8 (18... gxf6 19. gxf6 $40 {/^g}) 19. Qh4 h6 (19... gxf6 20. Bd3
$18) 20. Rxd7 $1 (20. Bd3 $5 $18) 20... Bxd7 21. gxh6 $18) 18. Nf6+ $3 Kh8 (
18... gxf6 19. gxf6 Rxd1+ 20. Kxd1 Rd8+ 21. Bd3 $18) 19. Bd3 Nd5 20. Qh4 a5 (
20... h6 21. gxh6 gxf6 (21... Nxf6 22. hxg7+ Kxg7 23. Rhg1+ $18) (21... Bxf6
22. hxg7+ Kxg7 23. Rhg1+ $18) 22. Qe4 $18) 21. Qxh7# 1-0

[Event "YUG-chT"]
[Site "Budva"]
[Date "1996.??.??"]
[Round "3"]
[White "Mukhametov, Eldar"]
[Black "Konjevic, Djordje"]
[Result "1/2-1/2"]
[WhiteElo "2505"]
[BlackElo "2380"]
[Annotator "Belov,I"]
[PlyCount "130"]
[EventDate "1996.??.??"]
[EventType "team"]
[EventRounds "6"]
[EventCountry "YUG"]
[SourceTitle "CBM 053 Extra"]
[Source "ChessBase"]
[SourceDate "1996.09.01"]
[SourceVersion "1"]
[SourceVersionDate "1996.09.01"]
[SourceQuality "1"]

1. e4 d6 2. d4 Nf6 3. Nc3 g6 4. Be3 c6 5. h3 Bg7 (5... b5 $6 6. e5 Nfd7 (6...
dxe5 7. dxe5 Qxd1+ 8. Rxd1 b4 9. exf6 bxc3 10. Bd4 $16 {Sveshnikov,E-Pribyl,J/
Lvov/1983/1;0/29/}) 7. exd6 exd6 8. d5 b4 9. dxc6 (9. Ne4 c5 10. Bg5 f6 11. Qe2
Kf7 12. Bf4 Ba6 13. Qe3 Bxf1 14. Kxf1 Nb6 15. Rd1 $16 {Morozevic,A-Chernin,A/
Moscow 25'/1995/1;0/25/}) 9... bxc3 10. cxd7+ Nxd7 11. b3 $16 {Sokolov,
A-Zakharevic,I/RUS-ch/1995/1:0/41/}) (5... Nbd7 6. f4 (6. Nf3 Qc7 7. a4 Bg7 8.
Be2 O-O 9. O-O b6 10. Nd2 e5 11. dxe5 Nxe5 12. f4 Ned7 13. Nc4 d5 $10 {Short,
N-Ftacnik,L/Novi Sad olm/1990/}) 6... Bg7 7. Qf3 Qa5 8. Bd3 (8. O-O-O $142)
8... e5 9. Nge2 O-O 10. O-O exd4 11. Nxd4 d5 $132 {Sveshnikov,E-Rukavina,J/
Pula/1990/1;0/49/}) (5... Qa5 $5 6. Qd2 b5 7. Bd3 b4 8. Nce2 Bg7 9. Nf3 O-O 10.
c4 d5 11. Ng3 dxe4 12. Nxe4 Nxe4 13. Bxe4 f5 14. Bd3 c5 15. d5 e5 $10 {
Beliavsky,A-Gufeld,E/Baku/1980/0,5/27/}) 6. g4 $5 {N/} (6. f4 $1 O-O (6... b5
7. e5 dxe5 8. dxe5 Qxd1+ 9. Rxd1 Nh5 10. Nge2 g5 11. g3 b4 12. Nb5 $1 Na6 13.
Bg2 Bb7 14. Nbd4 $16 {Jansa,V-Pfleger,H/BRD/1989/1:0/38/}) 7. Nf3 Nbd7 8. e5
Nh5 9. Ne2 Bh8 (9... c5 10. g4 Nxf4 11. Nxf4 cxd4 12. Nxd4 Nxe5 13. c3 Bd7 14.
Be2 b5 15. b3 Rc8 16. Rc1 a6 17. O-O $16 {Short,N-Gurevic,M/Wijk/1990/}) 10. g4
Ng7 11. Bg2 dxe5 12. fxe5 Nb6 13. Bh6 Be6 14. O-O Qd7 15. Nf4 Bd5 16. Nxd5 Nxd5
17. Qe2 $16 {Jansa,V-Hoi,C/Gausdal/1991/1:0/37/}) 6... Qa5 $5 7. Qd2 (7. Bg2 $5
h5 8. g5 Nfd7 9. Nge2 b5 10. Qd2 $14) 7... h5 $5 (7... e5 8. Nge2 O-O 9. Bg2
Na6 10. O-O $14) 8. g5 Nfd7 9. Bg2 b5 10. Nge2 b4 (10... Qc7 11. O-O Bb7 12. f4
b4 13. Nd1 c5 $13) 11. Nd1 Nb6 12. b3 Bb7 13. O-O c5 14. Nb2 O-O 15. Nd3 cxd4
16. Nxd4 e5 (16... Nc6 17. Nxc6 Bxc6 18. Qxb4 Qxb4 19. Nxb4 Bxa1 20. Nxc6 Bg7
21. Nxe7+ Kh7 22. Rd1 $16) 17. Ne2 Nc6 18. a3 bxa3 19. Qxa5 Nxa5 20. Nb4 $1 (
20. Rxa3 Nc6 21. c4 Nd4 22. Nc3 Nd7 $14) 20... Nc6 21. Nxc6 Bxc6 22. Rxa3 Nc8
23. Rfa1 $14 a6 $1 24. Nc3 (24. Rxa6 $2 Rxa6 25. Rxa6 Bb5 $19) 24... Bb7 25.
Nd5 $6 (25. Ra5 Ne7 26. Nd5 Nxd5 27. exd5 f5 $14) (25. Ra4 $5 Ne7 26. Rb4 Rfb8
27. Rd1 Nc8 28. Nd5 $16) (25. Bf1 $5 Ne7 26. Bxa6 Bxa6 27. Rxa6 Rxa6 28. Rxa6
Rc8 29. Nd5 Nxd5 30. exd5 Rxc2 31. Rxd6 Rb2 32. Rb6 $16) 25... Na7 $1 26. Bf1 (
26. Nc7 Nb5 27. Nxb5 axb5 28. Bb6 Rfc8 29. Rxa8 Rxa8 30. Rxa8+ Bxa8 31. Bc7 Bf8
$10) 26... Nb5 27. Bxb5 (27. Ra5 Bxd5 28. exd5 e4 29. Rc1 Rfb8 $13) 27... axb5
28. Rxa8 Rxa8 29. Rxa8+ Bxa8 $10 30. Kf1 f6 $1 31. Ke2 (31. gxf6 Bxd5 32. exd5
Bxf6 $10) 31... Bxd5 32. exd5 f5 33. f3 Kf7 34. Kd3 Ke8 35. c4 Kd7 36. b4 (36.
cxb5 Kc7 37. Kc4 Kb7 38. b6 Ka6 39. b4 Bf8 40. b5+ Kb7 $10) 36... bxc4+ 37.
Kxc4 Kc7 38. Kb5 Kb7 39. Kc4 Bf8 40. h4 Be7 41. Kb5 Bd8 42. Bf2 Bc7 43. Kc4 $6
(43. Bg1 $10) 43... Bb6 $1 44. Be1 (44. Bxb6 $2 Kxb6 45. Kc3 Kb5 46. Kb3 e4 47.
fxe4 fxe4 48. Kc3 e3 49. Kd3 Kxb4 50. Kxe3 Kc4 51. Ke4 Kc5 $19) 44... Bg1 45.
b5 Bc5 46. Ba5 Kc8 47. Be1 Kb7 48. Bc3 (48. Ba5) 48... Kb6 49. Bd2 e4 50. fxe4
fxe4 51. Be1 e3 52. Bc3 e2 53. Be1 Bg1 54. Bg3 Ka5 55. Be1+ Ka4 56. Bg3 Bc5 57.
b6 $1 (57. Be1 Bb6 58. Kd3 $8 Kxb5 59. Kxe2 Kc4 $17) 57... Bxb6 58. Kd3 Kb5 59.
Kxe2 Kc4 (59... Bc5 60. Kd3 $10) (59... Kc5 60. Bf2+ Kb5 61. Bg3 $10) 60. Bxd6
Kxd5 61. Bf4 Ke4 62. Bb8 $10 Be3 63. Bg3 Bc1 64. Be1 Be3 65. Bg3 Ba7 1/2-1/2

[Event "Moscow"]
[Site "Moscow"]
[Date "1994.??.??"]
[Round "13"]
[White "Rausis, Igors"]
[Black "Zaitsev, Igor A"]
[Result "0-1"]
[WhiteElo "2495"]
[BlackElo "2430"]
[Annotator "Belov,I"]
[PlyCount "152"]
[EventDate "1994.??.??"]
[EventType "tourn"]
[EventRounds "14"]
[EventCountry "RUS"]
[EventCategory "9"]
[SourceTitle "CBM 040"]
[Source "ChessBase"]
[SourceDate "1994.06.01"]
[SourceVersion "1"]
[SourceVersionDate "1994.06.01"]
[SourceQuality "1"]

1. e4 g6 2. d4 Bg7 3. c3 d6 4. Nf3 Nf6 5. Bd3 O-O 6. O-O Nc6 7. b4 $5 a6 (7...
Nh5 $6 8. Nbd2 e5 9. b5 Na5 10. Re1 exd4 11. cxd4 c5 12. bxc6 bxc6 13. Rb1 $16
{Peev,P-PashkaLov,V/BUL/1969/}) (7... Re8 8. b5 Nb8 9. Qb3 e5 10. Ng5 d5 11. f4
exd4 12. e5 $16 {Kosashvili,Y-Lahav,E/ISR/1989/1:0 (24)/}) 8. Bb2 $146 (8. Na3
$5 b5 9. Nc2 Nd7 10. a4 bxa4 11. Rxa4 Nb6 12. Ra3 Bb7 13. c4 $16 {McNab,
C-Gomez,A/Marbella/1982/1:0 (34)/}) (8. Nbd2 e5 (8... Re8 9. a4 e5 10. d5 Ne7
11. c4 Nh5 12. a5 f5 13. Ra3 Nf6 14. Bb1 h6 15. Ne1 Rf8 16. f3 $16 {Karner,
H-Abramovic,B/Tallinn/1983/1:0 (40)/}) 9. a3 (9. dxe5 $5) (9. d5 $5) 9... Nh5
10. Nb3 Kh8 11. d5 Ne7 12. c4 Ng8 13. Ra2 Bh6 14. Be3 Nf4 15. Bb1 $14 {
Speelman,J-Crouch,C/Hastings/1993/1:0 (25) Inf 56/128/}) 8... d5 $5 (8... e5 9.
d5 Ne7 10. c4 Nh5 11. Nbd2 Nf4 12. Bc2 $14) 9. Nbd2 (9. e5 Nh5 10. Bc1 f6 11.
exf6 exf6 $10) (9. exd5 Nxd5 10. Re1 Bg4 11. h3 Bxf3 12. Qxf3 e5 13. Be4 Nde7
$10) 9... e5 10. dxe5 $8 Nxe4 11. Nxe4 dxe4 12. Bxe4 Nxe5 13. Qxd8 Rxd8 14.
Rad1 Bg4 $6 (14... Re8 15. Nxe5 (15. Rfe1 c6) 15... Bxe5 16. Rfe1 c6 $15) 15.
Bxb7 (15. Rxd8+ Rxd8 16. Nxe5 Bxe5 17. Bxb7 Rd2 $10) 15... Rxd1 16. Rxd1 Rb8
17. Bxa6 (17. Be4 Bxf3 18. Bxf3 a5 19. a3 c5 $10) 17... Ra8 18. Bb7 (18. b5 $5
Nxf3+ 19. gxf3 Bxf3 20. Rd3 Be4 $44) (18. Be2 Bxf3 19. gxf3 Rxa2 20. Rd8+ Bf8
21. Rd2 Bh6 22. Rc2 Bf4 $17) 18... Bxf3 19. gxf3 (19. Bxf3 Rxa2 20. Rd8+ Bf8)
19... Rxa2 20. Bc1 $8 Ra1 21. Be4 $2 (21. Kg2 Bf6 (21... Bh6 $4 22. Rd8+) 22.
Rf1 Nc4 $10) (21. Rf1 Nc4 $10) 21... Bh6 $17 22. Bxh6 $8 Rxd1+ 23. Kg2 Nc4 24.
Bc2 Ra1 25. Bd3 (25. Bg5 Kg7) (25. Bf4 Ra3 26. Bxc7 Rxc3 27. Be4 Rb3) 25... Ne5
26. Be2 Ra3 27. c4 Rc3 28. c5 Nc6 29. Bf4 Nxb4 30. Bxc7 (30. Bd2 Rc2) 30...
Rxc5 31. Bd6 Rc2 32. Bf1 Nc6 33. Bf4 Nd4 34. Bd3 Ra2 35. Be4 Ra5 36. Bd2 Ra2
37. Bh6 Ne6 38. Kg3 Ra1 39. h4 (39. Kg2 g5 $1 {/\40...Nf4 41.Kg3 Rg1#/}) 39...
Rg1+ 40. Kh2 Rf1 41. Be3 Ra1 42. Kg3 Ng7 $1 43. Kh3 (43. Kg2) 43... Rh1+ 44.
Kg3 f6 $10 45. Bd5+ Kh8 46. f4 Nf5+ 47. Kg2 Rd1 48. Be4 Nxh4+ 49. Kg3 Nf5+ 50.
Bxf5 gxf5 $19 51. f3 Kg7 52. Bf2 Kf7 53. Kg2 Ke6 54. Bh4 Rd2+ 55. Kh3 Rd7 $1
56. Kg2 Rg7+ 57. Kf1 Rg6 58. Be1 Kd5 59. Bf2 Kc4 60. Bb6 Kd3 61. Bc5 h5 62. Bf2
h4 (62... Rg8 $5) 63. Bxh4 Ke3 64. Bf2+ Kxf3 65. Bd4 Kxf4 66. Kf2 Ke4 67. Bb6
f4 68. Bc5 f5 69. Ba7 Ra6 70. Bb8 Ra2+ 71. Kg1 Kf3 72. Bc7 Rg2+ 73. Kh1 Rc2 74.
Bb8 Kg3 75. Ba7 Rc1+ 76. Bg1 Rxg1+ (76... Rxg1+ 77. Kxg1 f3 78. Kf1 f2 79. Ke2
Kg2) 0-1

[Event "St Petersburg op2"]
[Site "St Petersburg"]
[Date "1994.??.??"]
[Round "6"]
[White "Fedorov, Alexei"]
[Black "Zakharevich, Igor"]
[Result "1-0"]
[WhiteElo "2500"]
[BlackElo "2415"]
[Annotator "Belov,I"]
[PlyCount "103"]
[EventDate "1994.10.??"]
[EventType "swiss"]
[EventRounds "9"]
[EventCountry "RUS"]
[SourceTitle "CBM 043 Extra"]
[Source "ChessBase"]
[SourceDate "1995.01.01"]
[SourceVersion "1"]
[SourceVersionDate "1995.01.01"]
[SourceQuality "1"]

1. e4 d6 2. d4 Nf6 3. Bd3 g6 4. Nf3 Bg7 5. O-O O-O 6. c3 Nbd7 (6... Nc6 $5) 7.
Re1 e5 8. Na3 (8. Nbd2 b6 $1 (8... Re8 9. h3 h6 10. Nf1 d5 11. Nxe5 Nxe4 12.
Bf4 $1 Nxe5 13. Bxe5 Bxe5 14. dxe5 Qg5 15. Bxe4 dxe4 16. Ng3 $16 {Chernin,
A-Mokry,K/Prague/1989/0,5/41/}) 9. Nf1 (9. a4 $5) 9... Bb7 10. Ng3 Re8 11. d5
c6 12. c4 a6 13. h4 b5 14. Bf1 Nc5 $15 {Cladouras,P-Van Wely,L/Dortmund(op)/
1992/}) 8... Re8 9. Qc2 (9. Nc2 d5 10. dxe5 Nxe4 $10) 9... Nb6 $5 (9... b6 10.
h3 Bb7 $10) (9... d5 $6 10. exd5 Nxd5 11. Bg5 $14) 10. h3 c6 (10... exd4 $5 11.
cxd4 c6) 11. dxe5 dxe5 12. Be3 Nh5 (12... Qc7 13. Rad1 h6 14. Bf1 Be6 $10) 13.
Rad1 Nf4 (13... Qe7 $5 14. Bf1 Be6 $10) 14. Bf1 Qf6 15. Nd2 Be6 16. Kh2 {/\g3}
Nd7 $6 (16... Red8 $5) 17. Ndc4 $14 Reb8 (17... b6 $5) 18. g3 Nh5 19. Rd2 Nf8
20. Red1 h6 $5 $132 21. Nd6 b5 $6 (21... Nh7 $32) 22. c4 $1 $16 b4 23. Nb1 Nh7
24. Rd3 Ng5 25. Nd2 Qe7 26. Bg2 a5 27. Qa4 $1 (27. c5 a4 28. N2c4 Bxc4 29. Qxc4
Ne6 $14) 27... Bd7 28. c5 Ne6 29. N2c4 Ra7 30. Bf3 $6 (30. Nb6 $32 Nd4 31. Bxd4
exd4 32. f4 $18) 30... Nhf4 $1 (30... Nf6 31. Nb6) 31. Nb6 $5 (31. gxf4 exf4
32. Bc1 Nxc5 33. Qc2 Nxd3 34. Rxd3 g5 $14) (31. R3d2 $6 Ng5 32. Bg2 Ngxh3 33.
gxf4 exf4 $36) 31... Nxd3 32. Rxd3 Nd4 $6 (32... Be8 $6 33. Ndc8 $16) (32... h5
$5 33. h4 Kh7 {/\ Bh6}) 33. Bxd4 exd4 34. Nxd7 Qxd7 35. Bg4 Qd8 36. f4 h5 37.
Bf3 b3 $6 (37... h4 $32 38. e5 hxg3+ 39. Kg2 Qh4 {/\ 40.Rd4? Be5!}) 38. a3 h4
39. e5 $16 hxg3+ 40. Kg2 g5 $6 41. Qxd4 Re7 42. Bh5 $18 gxf4 43. Qxf4 Rxe5 (
43... Bxe5 44. Bxf7+ Kf8 45. Qf5 $18) 44. Rxg3 f6 45. Qc4+ Rd5 $8 46. Bf7+ Kf8
47. Bxd5 cxd5 48. Qg4 Qe7 49. Nf5 Qe4+ 50. Qxe4 dxe4 51. Rxg7 Rc8 52. Rg8+ (52.
Rg8+ Kxg8 53. Ne7+ $18) 1-0

[Event "Moscow4"]
[Site "Moscow"]
[Date "1995.??.??"]
[Round "7"]
[White "Belikov, Vladimir"]
[Black "Kochetkov, German"]
[Result "1-0"]
[WhiteElo "2470"]
[BlackElo "2465"]
[Annotator "Belov,I"]
[PlyCount "75"]
[EventDate "1995.??.??"]
[EventType "tourn"]
[EventRounds "9"]
[EventCountry "RUS"]
[EventCategory "8"]
[SourceTitle "CBM 047 Extra"]
[Source "ChessBase"]
[SourceDate "1995.09.01"]
[SourceVersion "1"]
[SourceVersionDate "1995.09.01"]
[SourceQuality "1"]

1. e4 g6 2. d4 Bg7 3. Nc3 c6 4. Nf3 d6 5. Be3 Nf6 6. h3 O-O 7. Qd2 b5 8. Bd3
Nbd7 (8... Re8 9. O-O Bb7 10. a4 b4 11. Ne2 a5 12. Ng3 Nbd7 13. Bh6 Bh8 $14 {
Dvoirys,S-Zakharevich,I/RUS-ch/1994/0:1/43/}) (8... Qc7 9. O-O e5) 9. O-O (9.
e5 b4 10. exf6 bxc3 11. Qxc3 Nxf6 12. Qxc6 Rb8 $44 {Arnason,J-Fries Nielsen,J/
Vejle/1984/0,5/31/}) 9... e5 10. dxe5 (10. Bh6 Re8 11. Bxg7 Kxg7 12. Rfe1 a6
13. Bf1 Bb7 {Kuzmin,G-Gipslis,A/Alushta/1994/0,5/}) 10... dxe5 11. a4 (11. Rfe1
Re8 12. a4 b4 13. Ne2 c5 14. Ng3 Bb7 15. a5 Qc7 16. Bc4 $14 {Boleslavsky,
I-Bannik,A/URS-ch/1961/1:0/35/}) 11... b4 12. Ne2 c5 13. c3 Bb7 14. Ng3 Qa5 (
14... a5 15. Qc2 Rc8 16. Nd2 $14 Nb6 17. Nc4 Nxc4 18. Bxc4 $14) 15. Qc2 Rac8
16. Nd2 Qc7 (16... Nb6 $2 17. Nb3 $18) 17. a5 $1 bxc3 18. bxc3 Ne8 (18... Rfd8
19. Nc4 Nf8 20. Rfd1 $14) 19. Rfd1 Nd6 20. Nc4 Nb5 $6 (20... Nxc4 21. Bxc4 Nf6
$14) 21. Nb6 $1 axb6 (21... Nxc3 $2 22. Nxc8 Nxd1 23. Ne7+ Kh8 24. Rxd1 $18)
22. Bxb5 Rfd8 23. a6 Ba8 24. Bg5 $16 Nf6 (24... Bf6 $2 25. Rxd7 Rxd7 26. Bxf6
$18) 25. Rxd8+ Rxd8 26. Rd1 h6 27. Rxd8+ Qxd8 28. Bxf6 $1 Bxf6 29. Bc4 Qd7 30.
Qb3 Qa7 (30... Bd8 31. Bd5 Bxd5 32. Qxd5 Qc7 33. a7 $18) 31. Qb5 Kf8 32. Bd5 $1
$18 Bxd5 33. exd5 Be7 34. Ne4 f5 35. Nd2 e4 36. Nc4 Bd8 37. Ne5 Bc7 (37... Kg7
38. Qd7+ Qxd7 39. Nxd7 $18) 38. Qd7 1-0

[Event "St Petersburg op"]
[Site "St Petersburg"]
[Date "1994.??.??"]
[Round "3"]
[White "Geller, Efim P"]
[Black "Zakharevich, Igor"]
[Result "1/2-1/2"]
[WhiteElo "2490"]
[BlackElo "2395"]
[Annotator "Belov,I"]
[PlyCount "71"]
[EventDate "1994.02.??"]
[EventType "swiss"]
[EventRounds "9"]
[EventCountry "RUS"]
[SourceTitle "CBM 041"]
[Source "ChessBase"]
[SourceDate "1994.08.01"]
[SourceVersion "1"]
[SourceVersionDate "1994.08.01"]
[SourceQuality "1"]

1. e4 d6 2. d4 Nf6 3. Nc3 g6 4. g3 Bg7 5. Bg2 O-O 6. Nge2 e5 7. h3 (7. dxe5
dxe5 8. Bg5 Qxd1+ (8... Nbd7 $5) 9. Rxd1 Na6 10. O-O c6 $6 11. f3 Re8 12. Nc1
Nd7 13. Rf2 Ndc5 14. Be3 Bf8 15. Bf1 $14 {Vogt,L-Spasov,V/Tilburg/1992/0:1 (66)
Inf 56/135/}) (7. O-O Nc6 8. dxe5 (8. d5 Ne7 $13) 8... dxe5 9. Bg5 Be6 $10)
7... c6 8. O-O (8. a4 a5 9. O-O Na6 10. Be3 Nb4 $10) (8. Be3 b5 9. dxe5 dxe5
10. Qxd8 Rxd8 11. Nc1 Nbd7 12. Nd3 a5 13. O-O-O Re8 $10 {Geller,E-Belov,I/
Moscow/1989/1:0 (40)/}) 8... b5 $5 9. Be3 Bb7 (9... b4 10. dxe5 dxe5 11. Na4
Ba6 12. Re1 Bb5 13. Nc5 Nfd7 {Popovic,P-Chernin,A/Subotica(izt)/1987/0:1 (62)
Inf 43/44/} 14. Nxd7 $1 Nxd7 15. a3 bxa3 16. Rxa3 Qc7 $14 {Chernin/}) (9... Re8
10. dxe5 dxe5 11. Qxd8 Rxd8 12. Rfd1 Re8 13. Nc1 $1 $14) (9... Nbd7 10. d5 $1
cxd5 11. Nxd5 Bb7 12. Nec3 Nxd5 13. Nxd5 $14 {Chernin/}) 10. dxe5 (10. a3 Nbd7
11. Qd2 Re8 12. Rfe1 a6 13. d5 cxd5 14. exd5 Nb6 15. b3 Qc7 $132 {Dzanzgava,
G-Gurevich,M/Lvov(zt)/1987/0,5 (41) Inf 44/142/}) 10... dxe5 11. Bc5 $5 $146
Qxd1 (11... Re8 $5 12. Qxd8 Rxd8 13. a4 $1 $16 (13. Rfd1 Nbd7 14. Bd6 Bf8 $10))
12. Rfxd1 Re8 13. a4 $14 Na6 (13... Nbd7 14. Bd6 a6 15. Nc1 Bf8 16. Nb3 $16)
14. Be3 b4 15. Nb1 Nc7 16. Nd2 Ba6 (16... Ne6 $5) 17. Nc1 Ne6 18. Nd3 (18. Ncb3
$5 Red8 (18... Nd4 19. Bxd4 exd4 20. Nc5 Bc8 21. f4 $16) 19. Na5 c5 20. Ndc4
$14) 18... Bxd3 $8 19. cxd3 c5 20. Rac1 Bf8 21. Nc4 Nd4 (21... Nd7 22. f4 Nd4
23. Kf2 $14) 22. Bxd4 cxd4 23. f4 Nd7 24. h4 f6 25. fxe5 (25. a5 $5) 25... fxe5
26. a5 Nc5 27. Kf1 Rac8 28. Bh3 Rc7 29. Nd2 $1 Bh6 30. Ke2 Rf8 31. Rc4 Be3 32.
Nf3 Kh8 (32... Nxe4 $2 33. dxe4 Rxc4 34. Be6+ $18) 33. Rf1 $6 (33. Rxb4 Na6 34.
Rc4 Rxc4 35. dxc4 Rb8 $44) (33. b3 $1 $14) 33... Nxe4 $1 34. Rxc7 $8 Nxg3+ 35.
Ke1 Nxf1 36. Nxe5 (36. Nxe5 Bf4 $1 37. Nf7+ Kg7 38. Rxa7 Rxf7 $10) 1/2-1/2